[Event "Kiev"]
[Site "Kiev"]
[Date "1997.??.??"]
[Round "9"]
[White "Yegiazarian, Arsen"]
[Black "Golubev, Mihail"]
[Result "0-1"]
[WhiteElo "2455"]
[BlackElo "2530"]

1.e4 c5 2.Nf3 d6 3.Bb5+ Nc6 4.d4 cxd4 5.Qxd4 Bd7 6.Bxc6 Bxc6 7.Nc3 Nf6 8.Bg5 e6
9.O-O-O Be7 10.Qd3 Qa5 11.Kb1 Rc8 12.h4 d5 13.Bxf6 dxe4 14.Nxe4 gxf6 15.Nd4 Bd5
16.Nb3 Qa6 17.Qe3 Qb6 18.Rhe1 Qxe3 19.Rxe3 Rd8 20.g3 O-O 21.Nc3 Bc4 22.Re4 Rxd1+
23.Nxd1 Rc8 24.Ne3 Bb5 25.c4 Bc6 26.Rd4 f5 27.Nd2 Kf8 28.Kc2 Bc5 29.Rd3 Ke7
30.a3 a5 31.Kd1 a4 32.Ke1 Bd6 33.Nc2 Be5 34.b3 b5 35.Re3 bxc4  0-1

[Event "Kiev"]
[Site "Kiev"]
[Date "1997.??.??"]
[Round "11"]
[White "Yegiazarian, Arsen"]
[Black "Lutsko, Igor"]
[Result "1-0"]
[WhiteElo "2455"]
[BlackElo "2410"]

1.e4 c5 2.Nf3 d6 3.Bb5+ Bd7 4.Bxd7+ Qxd7 5.O-O Nc6 6.c3 Nf6 7.d4 cxd4 8.cxd4 Nxe4
9.d5 Ne5 10.Re1 Nf6 11.Nc3 Nxf3+ 12.Qxf3 e5 13.dxe6 fxe6 14.Bh6 O-O-O 15.Bg5 Be7
16.Qe3 Ng4 17.Qxa7 Bxg5 18.Ne4 Bh6 19.Rac1+ Bxc1 20.Rxc1+ Qc7 21.Qa8+ Kd7
22.Qa4+ Kc8 23.Rxc7+ Kxc7 24.Ng5 Ne5 25.Nxe6+ Kb8 26.Nxd8 Rxd8 27.Qh4 Rc8
28.h3 Rc1+ 29.Kh2 Rd1 30.Qxh7 g6 31.f4 Nc6 32.Qxg6 Kc7 33.Qf7+ Kb8 34.h4 d5
35.h5 d4 36.h6 d3 37.h7 d2 38.h8=Q+ Ka7 39.Qd5  1-0

[Event "Koge op"]
[Site "Koge"]
[Date "1997.??.??"]
[Round "8"]
[White "Hald, Jens Erik Kofoed"]
[Black "Bekker Jensen, Simon"]
[Result "1-0"]
[WhiteElo "2195"]
[BlackElo "2305"]

1.e4 c5 2.Nf3 d6 3.Bb5+ Nd7 4.O-O Nf6 5.Re1 a6 6.Bf1 b6 7.d3 g6 8.c3 Bb7
9.Nbd2 Ne5 10.Nxe5 dxe5 11.f4 exf4 12.Nf3 Qc7 13.e5 Nd5 14.Bxf4 Nxf4 15.Qa4+ b5
16.Qxf4 Bg7 17.a4 O-O 18.axb5 axb5 19.Rxa8 Bxa8 20.d4 cxd4 21.cxd4 f6 22.Qe3 fxe5
23.Nxe5 Qc2 24.Re2 Qd1 25.Re1 Qc2 26.Re2 Qb1 27.Qb3+ Kh8 28.Nf7+ Rxf7 29.Qxf7 Bxd4+
30.Kh1 Bd5 31.Qf8+ Bg8 32.Rxe7 Qxb2 33.Re8 Qb3 34.Bxb5 Bg7 35.Qf1  1-0

[Event "Cassovia op"]
[Site "Kosice"]
[Date "1997.??.??"]
[Round "?"]
[White "Miroshnichenko, Evgenij"]
[Black "Stets, Dmitry"]
[Result "1-0"]
[WhiteElo "2435"]
[BlackElo "2340"]

1.e4 c5 2.Nf3 d6 3.Bb5+ Nd7 4.c3 Nf6 5.Qe2 a6 6.Ba4 e5 7.O-O Be7 8.d4 O-O
9.Rd1 Qc7 10.d5 c4 11.Bc2 b5 12.Nbd2 Nc5 13.b4 cxb3 14.axb3 Ncd7 15.Bb2 Nb6
16.Rdc1 Bg4 17.h3 Bxf3 18.Nxf3 Nfd7 19.Ba3 Rfc8 20.Bb4 Nc5 21.Qe3 Bd8 22.g3 Qe7
23.Kg2 Nbd7 24.Bd1 Bb6 25.Ba5 Ba7 26.Qe2 Rf8 27.b4 Nb7 28.c4 bxc4 29.Bc7 f5
30.Rxa6 fxe4 31.Qxe4 Ndc5 32.bxc5 Nxc5 33.Bxd6 Qxd6 34.Qxh7+ Kxh7 35.Rxd6 Nd3
36.Rxc4 Ne1+ 37.Nxe1 Rxf2+ 38.Kh1 Rf1+ 39.Kh2 Rxe1 40.Bc2+ Kg8 41.h4 Be3
42.Kh3 Rg1 43.Rd7 Rc1 44.Rcc7 Kh8 45.Be4 Rxc7 46.Rxc7 Kg8 47.Kg4 Kf8 48.Bg6 Rd8
49.Rf7+ Kg8 50.Re7 Bd4 51.Kf5 Bf2 52.Kg4 Bd4 53.Kf3 Kf8 54.Rf7+ Kg8 55.Ke4 Bc3
56.g4 Be1 57.h5 Bc3 58.Re7 Kf8 59.Re6 Kg8 60.d6 Bb2 61.d7 Ba3 62.Re8+  1-0

[Event "MK Cafe Cup-B"]
[Site "Koszalin"]
[Date "1997.??.??"]
[Round "7"]
[White "Skaruz, Jaroslaw"]
[Black "Bablok, Maciej"]
[Result "0-1"]
[WhiteElo "2080"]
[BlackElo "2110"]

1.e4 c5 2.Nf3 d6 3.Bb5+ Nd7 4.O-O a6 5.Bxd7+ Bxd7 6.d4 cxd4 7.Qxd4 Nf6 8.Bg5 e6
9.Nbd2 Be7 10.Nc4 Bb5 11.a4 Bxc4 12.Qxc4 O-O 13.Qd3 Qc7 14.Rad1 Rfd8 15.c4 Qa5
16.b3 h6 17.Nd4 Qc5 18.Bf4 Rd7 19.Nc2 Rad8 20.Bc1 Qe5 21.f3 d5 22.exd5 exd5
23.Rde1 Qc7 24.Ne3 Bc5 25.Kh1 Bxe3 26.Bxe3 dxc4 27.Qxc4 Qxc4 28.bxc4 Rc8
29.Rc1 Rdc7 30.Rb1 Rxc4 31.a5 Nd5 32.Bb6 Rc2 33.Rfe1 Ra2 34.Red1 Nxb6 35.axb6 Rcc2
36.Rd8+ Kh7 37.Rd7 Rab2 38.Re1 Rxb6 39.Rxf7 Rbb2  0-1

[Event "RUS-ch sf"]
[Site "Krasnodar"]
[Date "1997.??.??"]
[Round "?"]
[White "Kovalevskaya, Ekaterina"]
[Black "Doroshkievich, Vladimir K"]
[Result "1/2-1/2"]
[WhiteElo "2350"]
[BlackElo "2385"]

1.e4 c5 2.Nf3 d6 3.Bb5+ Bd7 4.Bxd7+ Nxd7 5.c4 Ne5 6.d3 e6 7.O-O g6 8.Nxe5 dxe5
9.Qa4+ Qd7 10.Qxd7+ Kxd7 11.f4 exf4 12.Bxf4 Bg7 13.Nc3 Bd4+ 14.Kh1 b6 15.e5 Ne7
16.Bg5 Rhf8 17.Rae1 h5 18.Bxe7 Kxe7 19.Re2 a6 20.Ne4 Bxe5 21.Nxc5 Bxb2 22.Nxa6 Rxa6
23.Rxb2 Rd8 24.Rf3 f5 25.h4 Rd4 26.g3 Ra3 27.Rb3 Ra6 28.Rf2 Kf6 29.Kg2 g5
30.hxg5+ Kxg5 31.Kf3 e5 32.Re2 Ra5 33.a3 Rd6 34.Ke3 Kg4 35.Kf2 f4 36.gxf4 exf4
37.Re8 Rg6 38.Re1 Rc5 39.Rg1+ Kf5 40.Rh1 Kg5 41.Rg1+ Kf6  1/2-1/2

[Event "Krasnodar op"]
[Site "Krasnodar"]
[Date "1997.??.??"]
[Round "?"]
[White "Popov, Roman"]
[Black "Vaulin, Alexander"]
[Result "1/2-1/2"]
[WhiteElo "2365"]
[BlackElo "2490"]

1.e4 c5 2.Nf3 d6 3.Bb5+ Bd7 4.Bxd7+ Qxd7 5.c4 Nc6 6.Nc3 Ne5 7.d3 Nxf3+ 8.Qxf3 g6
9.O-O Bg7 10.Qe2 e6 11.f4 f5 12.Re1 O-O-O 13.Bd2 Re8 14.Rab1 Ne7 15.b4 Nc6
16.a3 Rhf8 17.Qd1 Bxc3 18.Bxc3 fxe4 19.dxe4 Rxf4 20.bxc5 Rd8 21.Bd2 Rf7 22.Bg5 Ne7
23.Qd4 e5 24.Qe3 Kb8 25.Qb3 Qc8 26.cxd6 Rxd6 27.c5 Re6 28.Red1  1/2-1/2

[Event "RUS-Cup6"]
[Site "Krasnodar"]
[Date "1997.??.??"]
[Round "5"]
[White "Rublevsky, Sergei"]
[Black "Minasian, Ara"]
[Result "1-0"]
[WhiteElo "2645"]
[BlackElo "2440"]

1.e4 c5 2.Nf3 d6 3.Bb5+ Nd7 4.d4 cxd4 5.Qxd4 e5 6.Qd3 Be7 7.Nc3 Nf6 8.Bg5 O-O
9.Bxd7 Qxd7 10.Bxf6 Bxf6 11.Rd1 Rd8 12.Nd5 Qa4 13.O-O Be6 14.b3 Qa5 15.Nxf6+ gxf6
16.c4 b5 17.cxb5 Qxa2 18.Nd2 Rac8 19.Qe3 Kg7 20.Qg3+ Kf8 21.Qh4 Ke7 22.f4 Qb2
23.fxe5 Qxe5 24.Kh1 Qg5 25.Qf2 Rc2 26.Qxa7+ Rd7 27.Qd4 Bg4 28.Qd3 Bxd1 29.Rxd1 Rdc7
30.b6 R7c3 31.Qd4 Rxb3 32.e5 fxe5 33.Qd5 Rxb6 34.Nc4 Ra6 35.Nxd6 Qxg2+ 36.Qxg2 Rxg2
37.Nc8+ Ke6 38.Kxg2 f5  1-0

[Event "Krasnodar"]
[Site "Krasnodar"]
[Date "1997.??.??"]
[Round "8"]
[White "Popov, Roman"]
[Black "Lobzhanidze, Davit"]
[Result "1/2-1/2"]
[WhiteElo "2365"]
[BlackElo "2375"]

1.e4 c5 2.Nf3 d6 3.Bb5+ Nc6 4.O-O Bd7 5.c3 Nf6 6.Re1 a6 7.Bf1 Bg4 8.h3 Bh5
9.d3 e6 10.Na3 Be7 11.Nc2 O-O 12.a3 b5 13.Bf4 d5 14.e5 Nd7 15.g4 Bg6 16.Bg2 Rc8
17.Bg3 Nb6 18.Qe2 Na4 19.Rab1 a5 20.Qd2 d4 21.cxd4 cxd4 22.Red1 b4 23.axb4 axb4
24.Qf4 Bc5 25.h4 b3 26.Nce1 f6 27.exf6 Rxf6 28.Qd2 h5 29.Ra1 Bb4 30.Qe2 Nc5
31.Ne5 Nxe5 32.Bxe5 Bxe1 33.Bxf6 Qxf6 34.Rxe1 Bxd3 35.Qd2 hxg4 36.Ra5 Bc2
37.h5 Bf5 38.Rc1 Bc2 39.Re1 Kh8 40.Raa1 Ne4 41.Qe2 Ng5 42.Qxg4 Bf5 43.Qg3 Rc2
44.h6 Qxh6 45.Qxb3 Qf6 46.Qb8+ Kh7 47.Qh2+ Kg6 48.Qg3 d3 49.Rad1 Kh7 50.Qh4+ Qh6
51.Qxh6+ Kxh6 52.Re5 Rxb2 53.Rxe6+  1/2-1/2

[Event "SLO-ch"]
[Site "Krsko"]
[Date "1997.??.??"]
[Round "?"]
[White "Srebrnic, Vojko"]
[Black "Tratar, Marko"]
[Result "0-1"]
[WhiteElo "2225"]
[BlackElo "2395"]

1.e4 c5 2.Nf3 d6 3.Bb5+ Nd7 4.d4 Nf6 5.Nc3 a6 6.Bxd7+ Nxd7 7.O-O e6 8.a4 b6
9.Bg5 Qc7 10.Re1 cxd4 11.Qxd4 Ne5 12.Nxe5 dxe5 13.Qd3 f6 14.Be3 Be7 15.Red1 Kf7
16.a5 b5 17.Bb6 Qc6 18.Na2 Bb7 19.f3 Rhc8 20.c3 Bc5+ 21.Bxc5 Qxc5+ 22.Kh1 Qe7
23.Qd7 Rd8 24.Qxe7+ Kxe7 25.Kg1 f5 26.exf5 exf5 27.Kf2 g5 28.Nb4 Rac8 29.Ke2 h5
30.Rd3 g4 31.Rad1 Rxd3 32.Rxd3 gxf3+ 33.gxf3 Ke6 34.Rd1 Rg8 35.Kf2 e4 36.fxe4 fxe4
37.Ke3 Rg2 38.Rd2 Rxd2 39.Kxd2 Kf5 40.Ke3 Kg4 41.b3 Kh3 42.c4 bxc4 43.bxc4 Kxh2
44.c5 h4 45.c6 Bxc6 46.Nxc6 h3 47.Kxe4 Kg2 48.Kd4 h2 49.Kc5 h1=Q 50.Kb6 Qf1  0-1

[Event "RUS-Cup7"]
[Site "Kstovo"]
[Date "1997.??.??"]
[Round "2"]
[White "Ulibin, Mikhail"]
[Black "Zagrebelny, Sergey"]
[Result "1-0"]
[WhiteElo "2555"]
[BlackElo "2480"]

1.e4 c5 2.Nf3 d6 3.Bb5+ Bd7 4.Bxd7+ Nxd7 5.O-O Ngf6 6.Qe2 e6 7.b3 g6 8.c3 Bg7
9.d4 O-O 10.Nbd2 Qc7 11.Bb2 cxd4 12.cxd4 Rfc8 13.e5 dxe5 14.dxe5 Nd5 15.Nc4 Bf8
16.Ng5 Nc5 17.h4 h6 18.Nh3 Qd8 19.h5 Qh4 20.hxg6 fxg6 21.Nd6 Bxd6 22.exd6 Qe4
23.Qd2 Kh7 24.Rad1 Nd7 25.Rfe1 Qf5 26.Qe2 Re8 27.Rd3 g5 28.Qh5 Rg8 29.Rf3  1-0

[Event "IBM op"]
[Site "La Reunion"]
[Date "1997.??.??"]
[Round "2"]
[White "Sotron, W."]
[Black "Minnebo, Alain"]
[Result "0-1"]
[WhiteElo "1870"]
[BlackElo "2280"]

1.e4 c5 2.Nf3 d6 3.Bb5+ Nd7 4.O-O Nf6 5.Re1 g6 6.c3 Bg7 7.d4 O-O 8.e5 Ne8
9.Bg5 dxe5 10.dxe5 Nc7 11.Bd3 b5 12.Be4 Rb8 13.Bf4 Ne6 14.Bg3 Bb7 15.Nbd2 Nb6
16.Qe2 a6 17.c4 bxc4 18.Bxb7 Rxb7 19.Nxc4 Nxc4 20.Qxc4 Qa5 21.b3 Rd7 22.Bf4 Rfd8
23.Be3 Rd5 24.Bg5 Nxg5 25.Nxg5 Bxe5 26.Qh4 h5  0-1

[Event "Gran Canaria op"]
[Site "Las Palmas"]
[Date "1997.??.??"]
[Round "?"]
[White "Tkachiev, Vladislav"]
[Black "Epishin, Vladimir"]
[Result "1/2-1/2"]
[WhiteElo "2615"]
[BlackElo "2570"]

1.e4 c5 2.Nf3 d6 3.Bb5+ Bd7 4.Bxd7+ Qxd7 5.c4 Nc6 6.Nc3 Nf6 7.O-O e6 8.d4 cxd4
9.Nxd4 Rc8 10.Be3 Be7 11.Qe2 O-O 12.Rad1 Qc7 13.Ndb5 Qb8 14.Bf4 Ne5 15.c5 Rxc5
16.Be3 b6 17.Bxc5 bxc5 18.Na3 Rd8 19.Nc4 Nxc4 20.Qxc4 Ng4 21.Qe2  1/2-1/2

[Event "US-op"]
[Site "Las Vegas"]
[Date "1997.??.??"]
[Round "1"]
[White "Cohen, E."]
[Black "Yermolinsky, Alex"]
[Result "0-1"]
[WhiteElo "2145"]
[BlackElo "2695"]

1.e4 c5 2.Nf3 d6 3.Bb5+ Nd7 4.O-O Nf6 5.Re1 a6 6.Bf1 Ne5 7.Nxe5 dxe5 8.a4 b6
9.Na3 Bb7 10.d3 Nd7 11.Nc4 b5 12.axb5 axb5 13.Rxa8 Qxa8 14.Ne3 g6 15.Bd2 Bg7
16.Qa1 O-O 17.b3 e6 18.Qxa8 Rxa8 19.Bc3 Nb8 20.Ra1 Nc6 21.Rxa8+ Bxa8 22.Be2 f5
23.exf5 exf5 24.Bf3 e4 25.Bxg7 exf3 26.Bb2 fxg2 27.Nxg2 Kf7 28.Kf1 Nd4 29.Bxd4 Bxg2+
30.Kxg2 cxd4 31.b4 g5 32.Kf3 Kf6 33.Kg3 f4+ 34.Kf3 Kf5 35.Ke2 Kg4 36.f3+ Kh3
37.c4 dxc3 38.d4 g4 39.d5 gxf3+  0-1

[Event "US-op"]
[Site "Las Vegas"]
[Date "1997.??.??"]
[Round "6"]
[White "Klinova, Masha"]
[Black "Paragua, Mark"]
[Result "0-1"]
[WhiteElo "2390"]
[BlackElo "2200"]

1.e4 c5 2.Nf3 d6 3.Bb5+ Nd7 4.O-O Nf6 5.Re1 e5 6.c3 a6 7.Bxd7+ Nxd7 8.d4 Be7
9.a4 O-O 10.Na3 Qc7 11.dxe5 Nxe5 12.Nxe5 dxe5 13.Nc4 Be6 14.Qe2 b5 15.Ne3 Qc6
16.Nd5 Bd6 17.Rd1 f5 18.axb5 axb5 19.Rxa8 Rxa8 20.Bg5 fxe4 21.Ne7+ Bxe7 22.Bxe7 Bc4
23.Qe3 Qd7  0-1

[Event "Lazne Bohdanec"]
[Site "Lazne Bohdanec"]
[Date "1997.??.??"]
[Round "3"]
[White "Keitlinghaus, Ludger"]
[Black "Jansa, Vlastimil"]
[Result "1/2-1/2"]
[WhiteElo "2515"]
[BlackElo "2490"]

1.e4 c5 2.Nf3 d6 3.Bb5+ Bd7 4.Bxd7+ Qxd7 5.O-O Nc6 6.c4 g6 7.Nc3 Bg7 8.d3 Nf6
9.h3 O-O 10.Be3 a6 11.Qd2 Rab8 12.a4 e6 13.Rab1 Qc7 14.Rfc1 Nd7 15.d4 cxd4
16.Nxd4 Nxd4 17.Bxd4 Bxd4 18.Qxd4 Ne5 19.b3 Qc5 20.Rd1  1/2-1/2

[Event "Lima"]
[Site "Lima"]
[Date "1997.??.??"]
[Round "7"]
[White "Barreto Carreno, Carlos"]
[Black "Vera, Kelver"]
[Result "0-1"]
[WhiteElo "2320"]
[BlackElo "2095"]

1.e4 c5 2.Nf3 d6 3.Bb5+ Bd7 4.Bxd7+ Nxd7 5.O-O Ngf6 6.Re1 g6 7.c3 Bg7 8.d4 O-O
9.Bg5 cxd4 10.cxd4 Qb6 11.Qd2 e5 12.Nc3 Rfe8 13.Rad1 Rac8 14.d5 Qa5 15.Rb1 Nb6
16.Qe2 Na4 17.Qb5 Qxb5 18.Nxb5 Red8 19.Rec1 Rxc1+ 20.Rxc1 h6 21.Bxf6 Bxf6
22.Rc7 Nc5 23.Nc3 Rb8 24.b4 Bd8 25.bxc5 Bxc7 26.Nb5 Rc8 27.Nxa7 Rd8 28.Nb5 Bb8
29.cxd6 Bxd6 30.Kf1 f5 31.Nd2 Bb4 32.Nc4 fxe4 33.d6 Kg7 34.Ke2 Bc5 35.f3 e3
36.Na5 Rd7 37.Nc4 Kf6 38.Nc3 Ke6 39.Ne4 b6 40.a4 Bd4 41.Nxe3 Bxe3 42.Kxe3 Ra7
43.Nc3 Ra5 44.Kd3 Kxd6 45.Kc4 Kc6 46.Kb4 Ra8 47.Ne4 Rd8 48.h4 Rd4+ 49.Kb3 Rd1
50.Kc2 Rg1 51.g3 Ra1 52.Kb3 Re1 53.Kc4 h5 54.Nd2 Rd1 55.Kc3 Kd5 56.Kc2 Rg1
57.Ne4 Kc4 58.Kd2 Kb4 59.Ke2 Kxa4 60.Kf2 Rc1 61.Nd6 b5 62.f4 exf4 63.gxf4 b4
64.f5 gxf5 65.Nxf5 b3  0-1

[Event "Lilie op"]
[Site "Litomysl"]
[Date "1997.??.??"]
[Round "3"]
[White "Voloshin, Leonid"]
[Black "Vyskocil, Neklan"]
[Result "1/2-1/2"]
[WhiteElo "2450"]
[BlackElo "2260"]

1.e4 c5 2.Nf3 d6 3.Bb5+ Bd7 4.Bxd7+ Qxd7 5.O-O Nf6 6.Re1 Nc6 7.c4 g6 8.b3 Bg7
9.Bb2 O-O 10.d4 cxd4 11.Nxd4 Rac8 12.Nc3 Nxd4 13.Qxd4 b6 14.Rad1 Rfd8 15.Nd5 Ne8
16.Qd2 Bxb2 17.Qxb2 Nc7 18.Re3 Nxd5 19.exd5 Re8 20.h4 e5 21.dxe6 Rxe6 22.Rxe6 Qxe6
23.Qd4 Rd8 24.h5 f6 25.Kf1 Qe5 26.hxg6 hxg6 27.Qd3 Kg7 28.Re1 Qh5 29.Re7+ Kf8
30.Re6 Kf7 31.Qd5 Qxd5 32.cxd5 Rc8 33.Rxd6 Rc1+ 34.Ke2 Rc2+ 35.Ke3 Rxa2 36.Rd7+ Kf8
37.d6 Ra3 38.Kd4 Rxb3 39.Rxa7 Ke8 40.Kd5 Rb2 41.f4 Rxg2 42.Ke6 Re2+ 43.Kxf6 Re4
44.Rg7 Rxf4+ 45.Ke6 Re4+ 46.Kd5 Re1 47.Kc6 Rc1+ 48.Kxb6 Kd8 49.Rxg6 Kd7 50.Kb5 Rc2  1/2-1/2

[Event "SLO-chT"]
[Site "Ljubljana"]
[Date "1997.??.??"]
[Round "?"]
[White "Gostisa, Leon"]
[Black "Podkriznik, Gregor"]
[Result "1/2-1/2"]
[WhiteElo "2425"]
[BlackElo "2295"]

1.e4 c5 2.Nf3 d6 3.Bb5+ Nd7 4.O-O Nf6 5.d4 a6 6.Bxd7+ Nxd7 7.Nc3 e6 8.Bg5 Qc7
9.dxc5 Qxc5 10.Re1 h6 11.Be3 Qc7 12.Bd4 Ne5 13.Na4 b5 14.Nxe5 dxe5 15.Bb6 Qd7
16.Nc5 Qxd1 17.Raxd1 Bxc5 18.Bxc5 Bb7 19.f3 Rc8 20.Bb4 Rd8 21.Kf2 f6 22.Ba5 Rd7
23.Ke3 g5 24.Rxd7 Kxd7 25.Rd1+ Kc6 26.Rd8 Rxd8 27.Bxd8 f5 28.g4 Kd7 29.Bf6 Ke8
30.Bg7 Kf7 31.Bxh6 Kf6 32.Bf8 Bc6 33.Bd6 Bb7 34.Bc7 Bc6 35.Kd3 Bb7 36.Bd8+ Kg6
37.Bc7 Kf6 38.b3 Bc6 39.Bd8+ Kg6 40.Be7 Bb7 41.h4 gxh4 42.Bxh4 Bc6 43.Bd8 Bb7
44.g5 Bc6 45.Bf6 a5 46.Bxe5 Kxg5 47.Bc7 a4 48.bxa4 bxa4 49.a3 fxe4+ 50.fxe4 Kf6
51.Kd4 Ke7 52.e5  1/2-1/2

[Event "Ljubljana"]
[Site "Ljubljana"]
[Date "1997.??.??"]
[Round "1"]
[White "Barle, Janez"]
[Black "Peptan, Corina"]
[Result "1/2-1/2"]
[WhiteElo "2450"]
[BlackElo "2425"]

1.e4 c5 2.Nf3 d6 3.Bb5+ Nd7 4.d4 cxd4 5.Qxd4 e5 6.Qd3 h6 7.Be3 Nf6 8.O-O Be7
9.c4 O-O 10.Nc3 a6 11.Ba4 Nb6 12.Bb3 Be6 13.Rac1 Rc8 14.Nd5 Nbxd5 15.cxd5 Bd7
16.Rxc8 Qxc8 17.Rc1 Qb8 18.Bb6 Bd8 19.Bxd8 Rxd8 20.Nd2  1/2-1/2

[Event "Ljubljana"]
[Site "Ljubljana"]
[Date "1997.??.??"]
[Round "4"]
[White "Grosar, Aljosa"]
[Black "Bukic, Enver"]
[Result "1/2-1/2"]
[WhiteElo "2495"]
[BlackElo "2435"]

1.e4 c5 2.Nf3 d6 3.Bb5+ Bd7 4.Bxd7+ Nxd7 5.O-O Ngf6 6.Qe2 e6 7.b3 Be7 8.Bb2 O-O
9.c4 Re8 10.Nc3 e5 11.Ne1 Nf8 12.g3 Ne6 13.Ng2 Bf8 14.Ne3 g6 15.Qd3 Bg7 16.Ncd5 Nd7
17.Bc3 Nd4 18.a3 Rc8 19.b4 Qg5 20.Bxd4 exd4 21.f4 Qh5 22.Ng2 b5 23.Rac1 bxc4
24.Rxc4 Nb6 25.Nxb6 axb6 26.Rcc1 d5 27.e5 f6 28.bxc5 bxc5 29.Qb5 Bf8 30.Qb7 fxe5
31.fxe5 Qxe5 32.Qf7+ Kh8 33.Rce1 Qb8 34.Nf4 Rxe1 35.Rxe1 Qc7 36.Qxc7 Rxc7
37.Re8 Rf7 38.Ne6 Kg8 39.a4 c4 40.Nxd4 Re7 41.Rd8 Re4 42.Nb5 d4 43.a5 c3
44.dxc3 dxc3 45.Nxc3 Re1+ 46.Kg2 Ra1 47.Ra8 Kf7 48.Ne4 Be7 49.Kf3 h5 50.a6 Ra2
51.a7 Ra5 52.h4 Kg7 53.Ke3 Kf7 54.Kd3 Ke6 55.Nc3 Kd7 56.Kc4 Rc5+ 57.Kd4 Ra5
58.Nb5 Rxb5 59.Rd8+ Bxd8 60.a8=Q Rb6 61.Kc5 Rf6 62.Qd5+ Ke8 63.Qg8+ Kd7 64.Qd5+ Ke8
65.Kd4 Be7 66.Qg8+ Kd7 67.Ke5 Rf5+ 68.Ke4 Rf6 69.Kd4 Re6 70.Kd5 Rf6 71.Qa8 Rf5+
72.Ke4 Rf6 73.Qa4+ Kd8 74.Qc4 Kd7 75.Qb5+ Kd8 76.Qa4 Rf5 77.Qc6 Rf6 78.Qb5 Bd6
79.Qa4 Ke7 80.Qa7+  1/2-1/2

[Event "Ljubljana"]
[Site "Ljubljana"]
[Date "1997.??.??"]
[Round "10"]
[White "Barle, Janez"]
[Black "Grosar, Aljosa"]
[Result "1/2-1/2"]
[WhiteElo "2450"]
[BlackElo "2495"]

1.e4 c5 2.Nf3 d6 3.Bb5+ Bd7 4.Bxd7+ Qxd7 5.O-O Nf6 6.e5 dxe5 7.Nxe5 Qd6 8.Nc4 Qc7
9.Nc3 Nc6 10.d3 e6 11.Bg5  1/2-1/2

[Event "TSV Willsbach"]
[Site "Loewenstein"]
[Date "1997.??.??"]
[Round "4"]
[White "Rausis, Igors"]
[Black "Bosboom, Manuel"]
[Result "1-0"]
[WhiteElo "2470"]
[BlackElo "2410"]

1.e4 c5 2.Nf3 d6 3.Bb5+ Nc6 4.Bxc6+ bxc6 5.O-O e5 6.c3 Ba6 7.Re1 Bd3 8.Re3 c4
9.Qa4 Rc8 10.Ne1 f5 11.Nxd3 cxd3 12.Rxd3 Nf6 13.exf5 e4 14.Rg3 d5 15.d4 Qd7
16.Qa6 Kf7 17.Nd2 Bd6 18.Rh3 Qxf5 19.Nf1 Rhf8 20.Be3 Kg8 21.Qe2 Rf7 22.Ng3 Qg6
23.Rh4 Rcf8 24.b3 Ne8 25.c4 Qe6 26.Qg4 Qxg4 27.Rxg4 Ba3 28.Ne2 Nd6 29.Ng3 dxc4
30.bxc4 Nxc4 31.Nxe4 Nxe3 32.fxe3 Re7 33.Rf1 Rfe8 34.Nf6+  1-0

[Event "Coulsdon"]
[Site "London"]
[Date "1997.??.??"]
[Round "4"]
[White "O'Shaughnessy, Conor"]
[Black "Duncan, Christopher R"]
[Result "1/2-1/2"]
[WhiteElo "2220"]
[BlackElo "2340"]

1.e4 c5 2.Nf3 d6 3.Bb5+ Bd7 4.Bxd7+ Qxd7 5.O-O Nc6 6.c3 Nf6 7.d4 cxd4 8.cxd4 d5
9.e5 Ng8 10.Nc3 e6 11.h4 h5 12.Bg5 Nge7 13.Rc1 Nf5 14.Ne2 Be7 15.Qd2 Rc8
16.Ng3 Bb4 17.Qd3 Nfe7 18.Rc2 Ng6 19.Ne2 Be7 20.Bxe7 Ngxe7 21.Rfc1  1/2-1/2

[Event "WchT 4th"]
[Site "Luzern"]
[Date "1997.??.??"]
[Round "1"]
[White "Rublevsky, Sergei"]
[Black "Becerra Rivero, Julio"]
[Result "1-0"]
[WhiteElo "2650"]
[BlackElo "2495"]

1.e4 c5 2.Nf3 d6 3.Bb5+ Bd7 4.Bxd7+ Qxd7 5.c4 Nc6 6.Nc3 Ne5 7.d4 Nxf3+ 8.gxf3 cxd4
9.Qxd4 e6 10.Be3 Ne7 11.O-O-O Nc6 12.Qd2 Rd8 13.Rhg1 Qc8 14.f4 g6 15.Kb1 Be7
16.Qe2 O-O 17.h4 Na5 18.h5 Bf6 19.Bd4 Bxd4 20.Rxd4 Qc5 21.Rdd1 Nxc4 22.Rg5 Qb4
23.Ka1 a6 24.f5 Rc8 25.hxg6 fxg6 26.fxg6 h6 27.Rg3 Kg7 28.Rh1 Qb6 29.Rg2 Qb4
30.Rh3 Rf6 31.Rxh6 Rc5 32.Rh7+ Kg8 33.Rf7  1-0

[Event "Rheinhessen-ch H1 op"]
[Site "Mainz"]
[Date "1997.??.??"]
[Round "2"]
[White "Schmidt, Gregor"]
[Black "Schaefer, Frank"]
[Result "1/2-1/2"]
[WhiteElo "1434"]
[BlackElo "1875"]

1.e4 c5 2.Nf3 d6 3.Bb5+ Bd7 4.Bxd7+ Nxd7 5.O-O g6 6.c3 Bg7 7.d4 e6 8.Bg5 Qc7
9.Nbd2 Ngf6 10.d5 exd5 11.exd5 O-O 12.c4 Rfe8 13.Qc2 a6 14.h3 b5 15.b3 bxc4
16.bxc4 Rab8 17.Rab1 a5 18.Rxb8 Rxb8 19.Rb1 Rxb1+ 20.Qxb1 Qb6 21.Qb3 Qxb3
22.axb3 Nb6 23.Bf4 Bf8 24.Kf1 Be7 25.Ke2 Kf8 26.Kd3 Ke8 27.Nb1 a4 28.bxa4 Nxa4
29.Kc2 Nb6 30.Nfd2 Kd7 31.Nc3 Nh5 32.Be3 f5 33.g4 fxg4 34.hxg4 Nf6 35.f3 h5
36.gxh5 gxh5 37.Kd3 Ke8 38.Bg5 Nfxd5 39.Bxe7 Nb4+ 40.Ke4 Kxe7 41.Kf5 Nd3
42.Kg5 Ke6 43.Kxh5 Ne5 44.Kg5 Nbxc4 45.Nde4 Nxf3+ 46.Kf4 Ncd2 47.Nf2 Ne5
48.Ke3 Ndc4+ 49.Ke2 d5 50.Nfe4 d4 51.Nxc5+ Kd6 52.Nb5+ Kxc5 53.Nxd4  1/2-1/2

[Event "Manchester op"]
[Site "Manchester"]
[Date "1997.??.??"]
[Round "9"]
[White "Smith, Alan A"]
[Black "Brooke, John"]
[Result "1-0"]
[WhiteElo "2235"]
[BlackElo "2175"]

1.e4 c5 2.Nf3 d6 3.Bb5+ Nd7 4.d4 Nf6 5.O-O cxd4 6.Qxd4 e6 7.c4 Be7 8.Bxd7+ Bxd7
9.Nc3 O-O 10.Bg5 Qc7 11.Rac1 a6 12.Rfd1 Rfd8 13.b3 Be8 14.Qd2 Kh8 15.Be3 Ng4
16.Bf4 Qc5 17.h3 Ne5 18.Nd4 Ng6 19.Be3 Qh5 20.f4 Bf6 21.Rf1 Bc6 22.f5 Nf8
23.Rf3 Be5 24.Nxc6 bxc6 25.g4 Qh4 26.Bg5 Bd4+ 27.Kg2 Bxc3 28.Rfxc3 Qxg5 29.Qxg5 f6
30.Qd2  1-0

[Event "Greenhills op"]
[Site "Manila"]
[Date "1997.??.??"]
[Round "7"]
[White "Antonio, Rogelio Jr"]
[Black "Garma, Edgardo"]
[Result "1-0"]
[WhiteElo "2525"]
[BlackElo "2375"]

1.e4 c5 2.Nf3 d6 3.Bb5+ Bd7 4.Bxd7+ Qxd7 5.c4 Nc6 6.O-O g6 7.Nc3 Bg7 8.a3 Nf6
9.d3 O-O 10.h3 a6 11.Rb1 Rac8 12.Bg5 e6 13.Qd2 Nd4 14.Nxd4 cxd4 15.Ne2 Ne8
16.f4 f5 17.exf5 exf5 18.Bh4 Nc7 19.Bf2 Ne6 20.b4 b6 21.Qa2 Rf7 22.a4 d5
23.cxd5 Nc7 24.Rbc1 Re8 25.Nxd4 Nxd5 26.Nf3 Nxf4 27.Ng5 Ne2+ 28.Kh1 Nxc1
29.Rxc1 Bh6 30.Nxf7 Bxc1 31.Ng5+ Kf8 32.Nf3 Be3 33.Bxe3 Rxe3 34.d4 Kg7 35.Qd2 Re4
36.Qc3 h6 37.Qc4 b5 38.axb5 axb5 39.Qc5 Kh7 40.Kh2 h5 41.Ne5 Qg7 42.Qd6 h4
43.Qd8 Kh6 44.Ng4+ Rxg4 45.hxg4 Qf7 46.Qxh4+ Kg7 47.gxf5 Qxf5 48.Qe7+ Kg8
49.Qe8+ Kh7 50.Qe5 Qg4 51.g3 Qf3 52.d5 Qf2+ 53.Kh3 Qf1+ 54.Kg4 Qb1 55.d6 Qxb4+
56.Kg5 Qd2+ 57.Kf6 Qf2+ 58.Ke6 Qf8 59.d7 Qd8 60.Qf6 Qb6+ 61.Kf7  1-0

[Event "Greenhills op"]
[Site "Manila"]
[Date "1997.??.??"]
[Round "10"]
[White "Torre, Eugenio"]
[Black "Wojtkiewicz, Aleksander"]
[Result "1/2-1/2"]
[WhiteElo "2570"]
[BlackElo "2565"]

1.e4 c5 2.Nf3 d6 3.Bb5+ Bd7 4.Bxd7+ Qxd7 5.O-O Nf6 6.Qe2 Nc6 7.b3 g6 8.c3 Bg7
9.d4 cxd4 10.cxd4 Rc8 11.Bb2 O-O 12.Nc3 d5 13.e5 Ne8 14.h4 Nc7 15.h5 Qg4
16.hxg6 fxg6 17.Rad1 Rf4 18.Bc1 Nxd4 19.Nxd4 Rxd4 20.f3 Qh4 21.Bg5 Qxg5 22.Rxd4 Bxe5
23.Rg4 Qf6 24.Nd1 Bd4+ 25.Nf2 Ne6 26.Re1 h5 27.Rxd4 Nxd4 28.Qxe7 Qxe7 29.Rxe7 Rc1+
30.Kh2 Rc2 31.Nd3 Nxf3+ 32.Kg3 Nd4 33.Kh2 Rxa2 34.Rxb7 Nf5 35.Nf4 Ne3 36.Rd7 Ng4+
37.Kh3 Nf6 38.Rd6 Kf7 39.Nxd5 Ne4 40.Rc6 g5 41.Kh2 Ra1 42.Ne3 h4 43.Ng4 Ke7
44.Ne3 Nf2 45.g3 h3 46.g4 Re1 47.Rc2 Rh1+ 48.Kg3 Rg1+ 49.Kh2 Rh1+ 50.Kg3 Ne4+
51.Kf3 Nf6 52.Ra2 Ke6 53.Ra6+ Ke5 54.Ra5+ Kd4 55.Rxa7  1/2-1/2

[Event "Marostica op"]
[Site "Marostica"]
[Date "1997.??.??"]
[Round "8"]
[White "Drei, Andrea"]
[Black "Lazarev, Vladimir"]
[Result "1/2-1/2"]
[WhiteElo "2305"]
[BlackElo "2450"]

1.e4 c5 2.Nf3 d6 3.Bb5+ Bd7 4.Bxd7+ Qxd7 5.c4 Nc6 6.O-O g6 7.d4 cxd4 8.Nxd4 Bg7
9.Be3 Nf6 10.f3 O-O 11.Nc3 Rac8 12.b3 a6 13.a4 Qd8 14.Rc1 Nd7 15.Qd2 Re8
16.Rfd1 Nc5 17.Rb1 Nb4 18.Nce2 Nc6  1/2-1/2

[Event "CRO-chT"]
[Site "Medulin"]
[Date "1997.??.??"]
[Round "?"]
[White "Ljubicic, Filip"]
[Black "Radocaj, Denis"]
[Result "1/2-1/2"]
[WhiteElo "2350"]
[BlackElo "2370"]

1.e4 c5 2.Nf3 d6 3.Bb5+ Bd7 4.Bxd7+ Nxd7 5.O-O Ngf6 6.Re1 e6 7.b3 Be7 8.Bb2 O-O
9.Nc3 a6 10.a4 Re8 11.d3 Nf8 12.e5 dxe5 13.Nxe5 Ng6 14.Qf3 Qc7 15.Nxg6 hxg6
16.Ne4 Nd5 17.g3 Rad8 18.Qg2 Nb4 19.f4 f5 20.Ng5 Bxg5 21.fxg5 e5 22.Re2 Nc6
23.Rae1 b5 24.axb5 axb5 25.Qf3 Nd4 26.Bxd4 Rxd4 27.c3 Rd7 28.Re3 b4 29.c4 Qd6
30.h4  1/2-1/2

[Event "CRO-chT"]
[Site "Medulin"]
[Date "1997.??.??"]
[Round "?"]
[White "Golubovic, Boris"]
[Black "Novikov, Igor A"]
[Result "1/2-1/2"]
[WhiteElo "2450"]
[BlackElo "2580"]

1.e4 c5 2.Nf3 d6 3.Bb5+ Bd7 4.Bxd7+ Nxd7 5.O-O Ngf6 6.Qe2 e6 7.c3 Be7 8.d4 O-O
9.Bg5 cxd4 10.cxd4 d5 11.e5 Ne4 12.Bxe7 Qxe7 13.Nbd2 Nxd2 14.Qxd2 Nb6 15.Rac1 Nc4
16.Qe2 Rfc8 17.b3 Nb6 18.Qb2 Qb4 19.Rxc8+ Rxc8 20.Rc1 h6 21.Rxc8+ Nxc8 22.Qd2 Qa3
23.Qc2 Ne7 24.g3 Nc6 25.Kg2 a5 26.h4 a4 27.h5 axb3 28.Qxb3 Qa7 29.Qb5  1/2-1/2